| 000 | 02588nam a2200337 a 4500 | ||
|---|---|---|---|
| 001 | ebr10671424 | ||
| 003 | CaPaEBR | ||
| 006 | m u | ||
| 007 | cr cn||||||||| | ||
| 008 | 080919s2009 nyua sb 001 0 eng d | ||
| 010 | _z 2008041733 | ||
| 020 | _z9781606921760 (hardcover) | ||
| 020 | _z1606921762 (hardcover) | ||
| 020 | _z9781613241127 (e-book) | ||
| 040 |
_aCaPaEBR _cCaPaEBR |
||
| 035 | _a(OCoLC)704275247 | ||
| 050 | 1 | 4 |
_aR853.O87 _bS77 2009eb |
| 082 | 0 | 4 |
_a362.1 _222 |
| 245 | 0 | 0 |
_aStrategies in evaluation of complex health care interventions for people with physical or mental health issues _h[electronic resource] / _cWai-Tong Chien, editor. |
| 260 |
_aNew York : _bNova Science Publishers, _c2009. |
||
| 300 |
_ax, 162 p. : _bill. |
||
| 504 | _aIncludes bibliographical references and index. | ||
| 505 | 0 | _aStrategies in evaluating a complex health care intervention : important issues for consideration / Carmen W.H. Chan and Wai-Tong Chien -- An outcome-focused evaluation of three models of psychosocial interventions for people with schizophrenia / Wai-Tong Chien -- Process-focused evaluation : how does it work? / Carmen W.H. Chan -- Strategies for evaluating the effectiveness of nursing interventions for children undergoing surgery / William H.C. Li -- A theory-based intervention to promote Chinese first-time pregnant women's self-efficacy for childbirth / Wan-Yim Ip -- The therapeutic value of non-pharmacological therapy for patients with heart failure : a process and outcome evaluation / Doris S.F. Yu and Diana T.F. Lee -- A controlled trial of a disease management program for families of people with dementia / Wai-Tong Chien and Thea K.H. Brennan -- The importance of incorporating cultural issues into nursing interventions for Chinese populations / William H.C. Li -- Strategies in evaluating health care services : mixed methods approach / Wai-Tong Chien and David R. Thompson -- Expert commentary : ethical challenges of conducting evaluation research on an intervention for palliative care patients / Carmen W.H. Chan and Y.Y. Chui. | |
| 533 |
_aElectronic reproduction. _bPalo Alto, Calif. : _cebrary, _d2013. _nAvailable via World Wide Web. _nAccess may be limited to ebrary affiliated libraries. |
||
| 650 | 0 | _aOutcome assessment (Medical care) | |
| 650 | 0 |
_aMedical care _xEvaluation. |
|
| 655 | 7 |
_aElectronic books. _2local |
|
| 700 | 1 | _aChien, Wai-Tong. | |
| 710 | 2 | _aebrary, Inc. | |
| 856 | 4 | 0 |
_uhttp://site.ebrary.com/lib/rucke/Doc?id=10671424 _zAn electronic book accessible through the World Wide Web; click to view |
| 999 |
_c176241 _d176241 |
||